R. P. M. Fr. Emmanuelis de Villarroel Pintiani, monachi benedictini laurensanensis, theologiae doctoris, sacrarum literarum interpretis, ac Congregationis Vallis-Oletanae concionatoris generalis in sacras tautologias, cum illustrationibus panegyricis, anagogicis, tropologicis, et politicis, commentariorum litteralium

Detalles Bibliográficos
Autor principal: Villarroel, Manuel de, O. S. B., 1661-1731
Formato: Libro
Lenguaje:Latin
Publicado: Matriti : ex typographia Josephum Gonzalez, Arenaria via, 1743.
Edición:Secunda editio
Materias:
Colección:Banco de datos
Acervo:Seminario Conciliar de Nuestra Señora de Guadalupe Querétaro. Qro.. Biblioteca Florencio Rosas. Fondo Reservado
Descripción Física:8 t. ; f°
Tema general:Lógica
Filosofía
Notas:Portada tipográfica a dos tintas con viñeta central y pleca en grabado xilográfico. Falta portada (4173). Texto a dos columnas con paginación en números arábigos, cornisas, apostillas marginales, titulillos, signaturas y reclamos. Tomo con portada y paginación propias. Los t. 7-8 publicados en 1743. Paginación: t. 7 [15] h., 710 p., [43] h.; t. 8 694 p., [37] h. Incluyen cabecera de título, letras capitulares y viñetas finales con motivos fantásticos y florales y en grabado xilográfico. Encuadernación en piel sobre cartón con cantos en coral (4172-4173). Marca de fuego: Convento Grande de San Francisco de Querétaro, Querétaro (4172-4173). Sello en tinta del Seminario Conciliar de Querétaro (4172). Sello en tinta de la Biblioteca del Seminario, Querétaro (4173). Daños de humedad (4172-4173). Daños de mutilación, faltan hojas de preliminares (4173)
LEADER 01922nam a22002050004500
035 |a 1992 
041 0 |a lat 
100 1 |a Villarroel, Manuel de, O. S. B., 1661-1731 
245 1 0 |a R. P. M. Fr. Emmanuelis de Villarroel Pintiani, monachi benedictini laurensanensis, theologiae doctoris, sacrarum literarum interpretis, ac Congregationis Vallis-Oletanae concionatoris generalis in sacras tautologias, cum illustrationibus panegyricis, anagogicis, tropologicis, et politicis, commentariorum litteralium  
250 |a Secunda editio  
260 |a Matriti : ex typographia Josephum Gonzalez, Arenaria via, 1743.  
300 |a 8 t. ; f° 
500 |a Portada tipográfica a dos tintas con viñeta central y pleca en grabado xilográfico. Falta portada (4173). Texto a dos columnas con paginación en números arábigos, cornisas, apostillas marginales, titulillos, signaturas y reclamos. Tomo con portada y paginación propias. Los t. 7-8 publicados en 1743. Paginación: t. 7 [15] h., 710 p., [43] h.; t. 8 694 p., [37] h. Incluyen cabecera de título, letras capitulares y viñetas finales con motivos fantásticos y florales y en grabado xilográfico. Encuadernación en piel sobre cartón con cantos en coral (4172-4173). Marca de fuego: Convento Grande de San Francisco de Querétaro, Querétaro (4172-4173). Sello en tinta del Seminario Conciliar de Querétaro (4172). Sello en tinta de la Biblioteca del Seminario, Querétaro (4173). Daños de humedad (4172-4173). Daños de mutilación, faltan hojas de preliminares (4173) 
504 |a Al principio del t. 7 está el índice de contenido. Al final de cada tomo está el índice de cosas notables  
650 1 0 |a Lógica 
650 1 0 |a Filosofía 
949 |a Fondo Reservado: t. 7 (4172); t. 8 (4173) 
942 |c QUER-RES 
943 |g Seminario Conciliar de Nuestra Señora de Guadalupe Querétaro. Qro.. Biblioteca Florencio Rosas. Fondo Reservado 
999 |c 1109656  |d 1109656